000 00899nam a2200253Ia 4500
003 OSt
005 20220923223019.0
006 a|||||r|||| 00| 0
007 ta
008 220922b |||||||| |||| 00| 0 hin d
024 _a209,971
037 _cTextual
040 _aARTS
_cARTS
_bhin
041 _2hin
_ahin
082 _aO152,3N36:g, M0
100 _aमिश्र, सत्यप्रकाश
_9156365
245 0 _aकथाकार ज्ञानरंजन का रचना संसार
246 _aKathākār jnyānaranjan kā rachanā sansāra
260 _aइलाहाबाद
_b नई कहानी प्रका0
_c1980
300 _a148पृ.
_ccm.
650 _aहिन्दी साहित्य
_9156264
942 _hO152,3N36:g, M0
_cTEXL
_2CC
999 _c360520
_d360520